| 000 | 00663nam a2200217Ia 4500 | ||
|---|---|---|---|
| 008 | 191130s2007##################000#0#eng## | ||
| 020 | _a9780521857406 | ||
| 022 | _a2006030242 | ||
| 040 |
_aACL _cACL |
||
| 082 | _a302.35 RED | ||
| 100 | _aVega-Redondo, Fernando | ||
| 245 |
_aComplex social networks _cFernando Vega-Redondo |
||
| 260 |
_aCambridge _bCambridge University Press _cc2007 |
||
| 300 | _axiv, 294 p. : ill. ; 24 cm | ||
| 500 | _aIncludes bibliographical references (p. [275]-289) and index | ||
| 650 | _aSocial networks | ||
| 650 | _aSociometry | ||
| 990 | _ae1535ea4ac10000c4e0803c8d1df37f3 | ||
| 991 | _a10972 | ||
| 999 |
_c135204 _d135204 |
||